00716nam a2200217 a 450000100100000000500170001000800410002702000150006804000250008308200160010810000350012424500550015926000280021430000280024249000180027050000450028883000250033304900090035895201140036799900170048100002277720200930021806.0101118s2002 sp a 000 0 spa d a8466204555 aDO-SdBNPbspacBNPHU axxxxbR763m1 aRomero Duque, M. Isabel94679710aMinicocina de las tapas /cM. Isabel Romero Duque. aMadrid :bLibsa,c2002. a158 p. :bil. ;c19 cm.1 aPetit Gourmet aIncluye índice alfabético de recetas 0aPetit Gourmet946798 aBNPD 001050718MOaGRbGRcCTd2010-11-18iLF1l0oxxxx R763mp22777-10r2020-06-25w2020-06-25y1ZNo se presta c22274d22274